00393cam a22001337a 4500008004000000082001700040100002400057245006700081260002800148300001000176500001300186650003900199650002100238180718b1970 xxu||||| |||| 00| 0 eng d aA6x5433 Sa73 aSarhadi, Ajit Singh aPunjabi Suba: the story of the strugglecby Ajit Singh Sarhadi aDelhibU.G. Kapurc1970 a529p. aRs.45.00 aBoundaries, State - India - Punjab aPunjab - History